Click the Extra Vowel - Statistics

General Stats
  • This quiz has been taken 145 times
  • The average score is 26 of 40
Answer Stats
Hint Answer % Correct
Tremenduous U
82%
Asseertion E
81%
Presitidigitation I
81%
Reaform A
77%
Scanadalous A
77%
Culimination I
77%
Imparitiality I
75%
Apiex I
75%
Aidvent I
75%
Yoeoman O
75%
Commiossion O
74%
Saellow E
73%
Bovione O
73%
Pecyuliar Y
73%
Polygloyt Y
73%
Adeaquate A
72%
Caocophony O
71%
Epochial I
70%
Exihilarating I
70%
Petoulant O
70%
Analougous U
69%
Antiepathy E
68%
Aoustere O
68%
Ambivialence I
66%
Resielient E
65%
Repuediate E
65%
Geriatriac A
63%
Temperameant A
63%
Censourious U
60%
Sacrousanct U
59%
Ubuiquitous U
59%
Demaygogue Y
59%
Oupbraid O
58%
Abrevity A
56%
Sinuecure U
56%
Unconsciouse E
53%
Demour O
53%
Alludey Y
47%
Dilouvial O
45%
Aeffluvia A
21%
No matching quizzes found
Score Distribution
Percent of People with Each Score
Percentile by Number Answered
Your Score History
You have not taken this quiz